<?xml version="1.0" encoding="UTF-8"?>
<record
    xmlns:xsi="http://www.w3.org/2001/XMLSchema-instance"
    xsi:schemaLocation="http://www.loc.gov/MARC21/slim http://www.loc.gov/standards/marcxml/schema/MARC21slim.xsd"
    xmlns="http://www.loc.gov/MARC21/slim">

  <leader>00661nam a2200181   4500</leader>
  <controlfield tag="003">LK-CoMWRAF</controlfield>
  <controlfield tag="005">20231230150710.0</controlfield>
  <controlfield tag="008">231214b        |||||||| |||| 00| 0 eng d</controlfield>
  <datafield tag="040" ind1=" " ind2=" ">
    <subfield code="a">LK-CoMWRAF</subfield>
    <subfield code="d">LK-CoMWRAF</subfield>
    <subfield code="e">LK-CoMWRAF</subfield>
  </datafield>
  <datafield tag="041" ind1=" " ind2=" ">
    <subfield code="a">sin</subfield>
  </datafield>
  <datafield tag="082" ind1=" " ind2=" ">
    <subfield code="a">345</subfield>
    <subfield code="b">SIL</subfield>
  </datafield>
  <datafield tag="100" ind1=" " ind2=" ">
    <subfield code="a">&#xDC3;&#xDD2;&#xDBD;&#xDCA;&#xDC0;&#xDCF;, &#xDBA;&#xDD6;. &#xD86;&#xDBB;&#xDCA;. &#xDAF;.</subfield>
  </datafield>
  <datafield tag="245" ind1=" " ind2=" ">
    <subfield code="a">&#xD85;&#xDB4;&#xDBB;&#xDCF;&#xDB0; &#xDB1;&#xDD3;&#xDAD;&#xDD2;&#xDBA;&#xDDA; &#xDB4;&#xDCA;&#x200D;&#xDBB;&#xDCF;&#xDBA;&#xDDD;&#xD9C;&#xDD2;&#xD9A; &#xD9A;&#xDBB;&#xDD4;&#xDAB;&#xDD4;</subfield>
  </datafield>
  <datafield tag="246" ind1=" " ind2=" ">
    <subfield code="a">Aparadha neethiye prayoogika karunu</subfield>
  </datafield>
  <datafield tag="260" ind1=" " ind2=" ">
    <subfield code="a">&#xD9A;&#xDDC;&#xDC5;&#xDB9; : </subfield>
    <subfield code="b">&#xDC1;&#xDCA;&#x200D;&#xDBB;&#xDD3; &#xDBD;&#xD82;&#xD9A;&#xDCF; &#xDB1;&#xDD3;&#xDAD;&#xDD2; &#xD86;&#xDB0;&#xDCF;&#xDBB; &#xD9A;&#xDDC;&#xDB8;&#xDD2;&#xDC2;&#xDB1;&#xDCA; &#xDC3;&#xDB7;&#xDCF;&#xDC0;</subfield>
    <subfield code="c">2010</subfield>
  </datafield>
  <datafield tag="650" ind1=" " ind2=" ">
    <subfield code="a">&#xD85;&#xDB4;&#xDBB;&#xDCF;&#xDB0; &#xDB1;&#xDD3;&#xDAD;&#xDD2;&#xDBA; </subfield>
  </datafield>
  <datafield tag="942" ind1=" " ind2=" ">
    <subfield code="c">BK</subfield>
  </datafield>
  <datafield tag="952" ind1=" " ind2=" ">
    <subfield code="0">0</subfield>
    <subfield code="1">0</subfield>
    <subfield code="4">0</subfield>
    <subfield code="7">0</subfield>
    <subfield code="a">MAIN</subfield>
    <subfield code="b">MAIN</subfield>
    <subfield code="d">2023-12-14</subfield>
    <subfield code="l">0</subfield>
    <subfield code="o">345 SIL</subfield>
    <subfield code="p">RAF4862</subfield>
    <subfield code="r">2023-12-14</subfield>
    <subfield code="w">2023-12-14</subfield>
    <subfield code="y">BK</subfield>
  </datafield>
  <datafield tag="999" ind1=" " ind2=" ">
    <subfield code="c">4471</subfield>
    <subfield code="d">4471</subfield>
  </datafield>
</record>
